MDQL
is popping MORE tags! Check the
thread
!
Quizzes
Events
Quiz Creation
Community
Videos
Private Events
Remove Ads
Sign In
Join for FREE
Feedback
Dark Mode
Quiz Categories
Sports
Geography
Music
Movies
Television
Just For Fun
Miscellaneous
History
Literature
Language
Science
Gaming
Entertainment
Religion
Holiday
For Kids
Quiz Lab
Recent
Popular Today
Quiz Kudos Today
Editor Picks
Curator Picks
Quizzes by...
Day
Popularity
Type
Ratings
Length
Year
Community
Subscriptions
Recent Discussions
Orange Saloon
Badges
Playlists
Quests
Create
Leaderboards
Showdown
Live 5
Trivia Bingo
Activity
Puzzle Library
Sporcle Events
Private Events
Virtual Trivia
Globe League
Become a Host
Pub Owners
SporcleCon
Opinionation
Our Games
Videos
Blog
Mobile Apps
Partnerships
Remove Ads and Go Orange
Feedback
Language
Vocabulary
Begins and Ends
Definition
Spanish
French
German
Italian
Chinese
Latin
Translation
Japanese
Language
Vocabulary
Begins and Ends
Definition
Spanish
French
German
Italian
Chinese
Latin
Translation
Japanese
Random Quiz
Search Sporcle
×
Quiz Lab
Quiz Lab
Language
Verb
Select answers by clicking on text or image buttons
Select answers by clicking on text or image buttons
Clickable
Best Score? Go Orange.
Basic persian verbs Stats
Can you name the Basic persian verbs
By
jhvl
8m
50 Questions
509 Plays
509 Plays
509 Plays
Comments
Comments
Give Quiz Kudos
Give Quiz Kudos
-
- Ratings
hide this ad
Forced Order
Answers have to be entered in order
Answers have to be entered in order
Random Order
Randomize order of answers
Randomize order of answers
Replay
Link that replays current quiz
Next Quiz
Link to next quiz in quiz playlist
You Got
0%
They Got
Avg Score
61%
Avg Friend Score
Upgrade to see
Score Distribution
Jump to the score distribution portion of the page
Score
0/50
Timer
08:00
0
Plays Today
% Correct
Raftan
78.8%
Khordan
78%
Didan
77.6%
Budan
75.4%
Mordan
75.4%
Neveshtan
74.5%
Goftan
73.3%
Kardan
72.7%
Amadan
70.7%
Dashtan
70.5%
Dadan
67.8%
Forukhtan
67.6%
Pokhtan
67.4%
Kharidan
66.8%
Khabidan
66.4%
Fahmidan
66.2%
Paridan
65.8%
Zadan
65.8%
Shodan
65.6%
Bastan
65.4%
Khandidan
64.2%
Neshastan
64%
Istadan
63.7%
Randan
63.1%
Davidan
62.7%
% Correct
Gereftan
62.3%
Oftadan
61.3%
Khandan
61.3%
Tarsidan
60.8%
Khastan
58.9%
Koshtan
58.5%
Avardan
58.3%
Mandan
58%
Tarashidan
57%
Shostan
56.6%
Shekastan
56.6%
Shenidan
56.2%
Danestan
55.2%
Bakhshidan
53.2%
Gozashtan (گذشتن)
53.2%
Residan
52.8%
Gozashtan (گذاشتن)
51.9%
Boridan
51.1%
Bordan
48.9%
Dukhtan
48.1%
Rikhtan
48.1%
Sakhtan
47.3%
Chenaktan
41.8%
Feshordan
41.1%
Keshidan
35%
Quiz Playlist
Details
Report
Send in Message
Add To Playlist
Clickable:
Select answers by clicking on text or image buttons
Forced Order:
Answers have to be entered in order
Random Order:
Randomize order of answers
Quiz Source
Last Updated: Feb 16, 2017
Quiz Scoreboard
CHALLENGE
Sign Up to Join the Scoreboard
Show All
Scores
Hide
Comments
May contain spoilers
Recently Published
Image Sorting: Flags VI
by Barbecue
Geography
2m
Find the 'City' Movie
by crazypaving
Movies
60s
Colored Red Africa Blitz
by spor1
Geography
45s
More to Explore
Quiz From the Vault
Featured Blog Post
14 Easter Pick-up Lines to Find Eggs With
hide this ad
You Might Also Like...
Tags
Language Basics
Persian
Verb
Today's Top Quizzes in Language
Browse Language
hide this ad
Today's Top Quizzes in Verb
Browse Verb
Top Contributed Quizzes in Language
1
What Word Starts All?
2
1-10 Letter F Words III
3
Arabic Numerals
4
1-10 Letter G Words III
5
Harry Potter book 6 chapters: English & Greek
6
1-10 Letter H Words III
7
Weisst du, aus welchen Sprachen diese Wörter stammen?
8
1-10 Letter I Words III
9
Celtic Nations in their Language
10
Russian Alphabet (Picture Click)
Explore More
Trending Topics
Marvel
Kpop
Harry Potter
NBA
Anime
Crossword
Disney
The Office
Puzzle
Soccer
Country
Song
Pokémon
WWE
NFL
hide this ad
More By:
jhvl
Quiz
Plays
Rating
Category
Featured
Created
Medial Persian Alphabet
1,437
5.00
Language
Jul 8, 2014
French vocabulary 1
627
2.67
Language
Apr 9, 2017
Basic persian verbs
509
5.00
Language
Dec 15, 2014
Municipalities of Wallonia
212
5.00
Geography
Jul 11, 2014
Persian vocabulary 1
153
5.00
Language
Jan 18, 2016
Go to Creator's Profile
Score Distribution
Quiz Creator Spotlight
jhvl
Follow
Send a Message
Quizzes Created
-
Created Quiz Play Count
-
More By This Creator
Popular Quizzes Today
1
Colored Red Africa Blitz
2
Find the US States - No Outlines Minefield
3
Find the 'City' Movie
4
5x2 Blitz: Bands
5
The Countries of the World
6
Find the US States
7
Find the Countries of Europe - No Outlines Minefield
8
US States
More Language Quizzes
Bird's the Verb
Editor's Pick
Trending Quizzes
Colored Red Europe Blitz I
Colored Red Africa Blitz II
Colored Red Europe Blitz II
Colored Red Africa Blitz III
Colored Red Europe Blitz III
Recently Updated
How Do You Spell That?
pecheneg
Godzilla Movies
pecheneg
Grab Bag: 4-10 Letters
pecheneg
2024 March Madness Bracket
pecheneg
Famous TV Couples
Peacemaker
Champions League XIs: Real Madrid
pecheneg
Largest US Cities 1790-2010
pecheneg
Rides in Walt Disney World
pecheneg
Most Oscar Losses (Acting)
pecheneg
Beyoncé Albums
pecheneg
Trending Topics
Disney
Crossword
Marvel
NBA
Kpop
Anime
Harry Potter
Puzzle
Pokémon
Country
NFL
WWE
Song
Soccer
The Office
Your Account Isn't Verified!
In order to create a playlist on Sporcle, you need to verify the email address you used during registration. Go to your
Sporcle Settings
to finish the process.
Report this User
Report this user for behavior that violates our
Community Guidelines
.
Details:
Send Report
Go to the Sporcle.com Mobile Site →
Comments